000 00542nam a2200181Ia 4500
005 20250508162038.0
008 008 250505s9999 xx 000 0 eng d
037 _aTextual
040 _aFEDL
_beng
_cFEDL
041 _aeng
_2eng
084 _a370.193, JEN
_qFEDL
100 _aJenks Chris Ed.
_9289066
245 0 _aRationality, education and the social organization of knowledge
260 _aLondon, UK
_bRoutledge and Kegan Paul
_c1977
300 _a95p.
942 _cTEXL
_h370.193, JEN
999 _c1374048
_d1374048